特急「ソニック / にちりん」の停車駅 - Statistics

General Stats
  • This quiz has been taken 232 times
  • The average score is 28 of 40
Answer Stats
特急 停車駅 % Correct
ソニ・にシ 博多
98%
ソニ・にち 小倉
97%
ソニ・にち 大分
96%
ソニ・にち 別府
93%
にちりん 宮崎
93%
にちりん 宮崎空港
93%
ソニ・にち 佐伯
90%
にちりん 延岡
89%
ソニ・にち 中津
88%
ソニ・にシ 折尾
87%
ソニ・にち 行橋
85%
にちりん 南宮崎
85%
ソニ・にシ 黒崎
80%
ソニ・にシ 吉塚
79%
ソニ・にシ 香椎
77%
ソニ・にち 宇佐
77%
ソニ・にち 杵築
77%
ソニ・にシ 赤間
76%
ソニック 福間
73%
ソニ・にち 臼杵
73%
にちりん 日向市
73%
ソニ・にち 津久見
70%
にちりん 南延岡
66%
ソニック 八幡
65%
ソニック 戸畑
63%
にちりん 高鍋
63%
ソニック スペースワールド
60%
ソニ・にち 柳ヶ浦
56%
ソニ・にち 鶴崎
56%
にちりん 佐土原
53%
にちりん 宮崎神宮
52%
ソニック 東郷
51%
ソニ・にち 宇島
51%
にちりん 都農
51%
ソニ・にシ 朽網
48%
ソニ・にち 亀川
45%
ソニ・にち 幸崎
43%
にちりん 門川
42%
ソニック 下曽根
40%
ソニ・にち 大在
40%
No matching quizzes found
Score Distribution
Percent of People with Each Score
Percentile by Number Answered
Your Score History
You have not taken this quiz